• 首页
  • 本馆介绍
  • 公告通知
  • 最新文献
  • 馆藏检索
  • 电子资源
  • 读者导购
  • 参考咨询
  • 我的图书馆
  • 登录
  • 详细信息显示
  • 放入我的书架
  • 预约/预借图书
  • 作者相关作品
  • 分类相关作品
  • 丛书相关作品
  • 出版社相关作品

书目信息

  • 表格格式
  • 工作单格式
  • 卡片格式
题名:
战争的记忆
    
 
作者: 伊香俊哉 著 ;韩毅飞 译
分册:  
出版信息: 北京   社会科学文献出版社  2016
页数: 295页
开本: 23cm
丛书名: 中日历史问题译丛
单 册:
中图分类: K265.307
科图分类:
主题词:
电子资源:
ISBN: 978-7-5097-9482-1
000 01097nam0 22002771 450
001 0119165253
005 20170619165253.0
010    @a978-7-5097-9482-1@dCNY59.00
100    @a20160926d2016 em y0chiy50 ea
101 1  @achi@cjpn
102    @aCN@b110000
105    @ay z 000yy
106    @ar
200 1  @a战争的记忆@9zhan zheng de ji yi@e日中两国的共鸣和争执@f(日)伊香俊哉著@g韩毅飞译
210    @a北京@c社会科学文献出版社@d2016
215    @a295页@d23cm
225 2  @a中日历史问题译丛@9zhong ri li shi wen ti yi cong
330    @a本书作者利用大量资料,阐释中日两国战争记忆是如何形成的,有何异同,希望由此进一步探索正确书写历史、不忘过去、面向未来之径。全书分为记忆的真相、沦为轰炸目标的平面和审判方与被审判方三部分。
461  0 @12001 @a中日历史问题译丛
517 1  @a日中两国的共鸣和争执@9ri zhong liang guo de gong ming he zheng zhi
607    @a日本@Ari ben@x侵华@x历史@x研究
690    @aK265.307@v5
701  0 @c(日)@a伊香俊哉@9yi xiang juan zai@f(1960~)@4著
702  0 @a韩毅飞@9han yi fei@4译
801  0 @aCN@b百万庄@c20170616
905    @b1011183-8@dK265.307@e132@f6
    
    战争的记忆:日中两国的共鸣和争执/(日)伊香俊哉著/韩毅飞译 .-北京:社会科学文献出版社,2016
    295页;23cm.-(中日历史问题译丛)
    
    
    ISBN 978-7-5097-9482-1:CNY59.00
    本书作者利用大量资料,阐释中日两国战争记忆是如何形成的,有何异同,希望由此进一步探索正确书写历史、不忘过去、面向未来之径。全书分为记忆的真相、沦为轰炸目标的平面和审判方与被审判方三部分。
●
相关链接 在E读中查询图书 在五车中查询图书 在当当中查询图书 在豆瓣中查询图书


正题名:战争的记忆     索取号:K265.307/132         预约/预借

序号 登录号 条形码 馆藏地/架位号 状态 备注
1 1011183   210111831   第二样本阅览室/ [索取号:K265.307/132] 在馆    
2 1011184   210111840   教育系资料室/ [索取号:K265.307/132] 在馆    
3 1011185   210111859   教育系资料室/ [索取号:K265.307/132] 在馆    
4 1011186   210111868   教育系资料室/ [索取号:K265.307/132] 在馆    
5 1011187   210111877   第二借阅区/ [索取号:K265.307/132] 在馆    
6 1011188   210111886   第二借阅区/ [索取号:K265.307/132] 在馆    
唐山师范学院图书馆 欢迎您!
大连网信软件有限公司© 版权所有